<?xml version="1.0" encoding="UTF-8"?>
<marc:record xmlns:marc="http://www.loc.gov/MARC21/slim">
   <marc:leader>00000nam a2200000 a 4500</marc:leader>
   <marc:datafield ind1="1" ind2=" " tag="100">
      <marc:subfield code="a">Olsson, Sören</marc:subfield>
      <marc:subfield code="4">aut</marc:subfield>
      <marc:subfield code="e">Verfasser/-in</marc:subfield>
   </marc:datafield>
   <marc:datafield ind1="1" ind2=" " tag="100">
      <marc:subfield code="a">Jacobsson, Anders</marc:subfield>
      <marc:subfield code="4">aut</marc:subfield>
      <marc:subfield code="e">Verfasser/-in</marc:subfield>
   </marc:datafield>
   <marc:datafield ind1="0" ind2="0" tag="245">
      <marc:subfield code="a">Bert Babyface</marc:subfield>
   </marc:datafield>
   <marc:datafield ind1="0" ind2="0" tag="245">
      <marc:subfield code="c">Sören Olsson ; Anders Jacobsson</marc:subfield>
   </marc:datafield>
   <marc:datafield ind1=" " ind2="1" tag="264">
      <marc:subfield code="a">Hamburg</marc:subfield>
      <marc:subfield code="b">Mediapart Vertrieb GmbH.</marc:subfield>
      <marc:subfield code="c">2006</marc:subfield>
   </marc:datafield>
   <marc:datafield ind1="1" ind2=" " tag="520">
      <marc:subfield code="a">Bert fährt nach New York, seinen reichen Onkel besuchen. Hier ist vielleicht was los! Erst wird Bert aufgrund einer Kofferverwechslung beinahe berühmt, dann erfährt er, dass es auf Erden noch pickligere Menschen gibt als ihn, nämlich seinen neuen Freund Kevin. Ziemlich beschäftigt ist er auch mit der bildhübschen Sugar, die seine Treue zu Patricia in Schweden auf eine harte Probe stellt. Schließlich gelingt es ihm sogar, die Musik seiner Band "13 Kühe und ein Melkeimer" in den New Yorker Clubs einzuführen. Und dann erfährt Bert noch ein schier unglaubliches Geheimnis über seinen Vater.||</marc:subfield>
   </marc:datafield>
   <marc:datafield ind1=" " ind2=" " tag="020">
      <marc:subfield code="a">3789144266</marc:subfield>
      <marc:subfield code="9">3789144266</marc:subfield>
   </marc:datafield>
   <marc:datafield ind1=" " ind2=" " tag="300">
      <marc:subfield code="a">157 S.</marc:subfield>
   </marc:datafield>
</marc:record>
